MARC details
| 000 -LEADER |
| fixed length control field |
02525nam a22003737a 4500 |
| 001 - CONTROL NUMBER |
| control field |
104844 |
| 003 - CONTROL NUMBER IDENTIFIER |
| control field |
KnowledgeUnlatched |
| 005 - DATE AND TIME OF LATEST TRANSACTION |
| control field |
20210303105006.0 |
| 006 - FIXED-LENGTH DATA ELEMENTS--ADDITIONAL MATERIAL CHARACTERISTICS |
| fixed length control field |
m o d |
| 007 - PHYSICAL DESCRIPTION FIXED FIELD--GENERAL INFORMATION |
| fixed length control field |
cr u|||||||||| |
| 008 - FIXED-LENGTH DATA ELEMENTS--GENERAL INFORMATION |
| fixed length control field |
210129p20182019xx o u00| u spa d |
| 037 ## - SOURCE OF ACQUISITION |
| Institution to which field applies |
BiblioBoard |
| 020 ## - INTERNATIONAL STANDARD BOOK NUMBER |
| International Standard Book Number |
9789587841688 |
| 024 8# - OTHER STANDARD IDENTIFIER |
| Standard number or code |
https://doi.org/10.12804/th9789587841671 |
| 029 1# - OTHER SYSTEM CONTROL NUMBER (OCLC) |
| OCLC library identifier |
https://library.biblioboard.com/ext/api/media/734e7a64-1c5c-4582-9678-1d3eb03b795a/assets/thumbnail.jpg |
| 040 ## - CATALOGING SOURCE |
| Original cataloging agency |
ScCtBLL |
| Transcribing agency |
ScCtBLL |
| 245 00 - TITLE STATEMENT |
| Title |
Edición académica y difusión |
| Remainder of title |
Libro abierto en Iberoamérica / |
| Statement of responsibility, etc. |
Elea Giménez Toledo, Juan Felipe Córdoba Restrepo. |
| 264 #1 - PRODUCTION, PUBLICATION, DISTRIBUTION, MANUFACTURE, AND COPYRIGHT NOTICE |
| Name of producer, publisher, distributor, manufacturer |
Editorial Universidad del Rosario, |
| 300 ## - PHYSICAL DESCRIPTION |
| Extent |
1 online resource. |
| 506 0# - RESTRICTIONS ON ACCESS NOTE |
| Terms governing access |
Access copy available to the general public. |
| Standardized terminology for access restriction |
Unrestricted |
| Source of term |
star |
| 520 ## - SUMMARY, ETC. |
| Summary, etc. |
Conocer la situación del acceso abierto del libro académico en Iberoamérica fue el objetivo de la investigación que se presenta en este libro. Entender las dinámicas propias de los libros en acceso abierto en el espacio iberoamericano en este momento particular permite trazar rutas y diseñar estrategias que favorezcan la presencia de contenidos académicos en español y en otros idiomas de la región en la red. Todo ello entendiendo el acceso abierto como una extraordinaria posibilidad de divulgación y circulación de contenidos académicos, además de verlo como un compromiso con la sociedad. La panorámica que se ofrece en este libro es resultado de un estudio en el que participaron más de ciento cuarenta editoriales universitarias latinoamericanas, por medio de un instrumento diseñado para tal fin, aportando información sobre la edición digital y la edición de publicaciones en acceso abierto en la región. |
| 588 0# - SOURCE OF DESCRIPTION NOTE |
| Source of description note |
Description based on print version record. |
| 590 ## - LOCAL NOTE (RLIN) |
| Local note |
KU Open Services |
| 650 #7 - SUBJECT ADDED ENTRY--TOPICAL TERM |
| Topical term or geographic name entry element |
Language Arts & Disciplines / Publishers & Publishing Industry |
| Source of heading or term |
bisacsh |
| 650 #0 - SUBJECT ADDED ENTRY--TOPICAL TERM |
| Topical term or geographic name entry element |
Language arts |
| 655 #0 - INDEX TERM--GENRE/FORM |
| Genre/form data or focus term |
Electronic books. |
| 700 1# - ADDED ENTRY--PERSONAL NAME |
| Personal name |
Toledo, Elea Giménez |
| Relator term |
editor. |
| 700 1# - ADDED ENTRY--PERSONAL NAME |
| Personal name |
Córdoba Restrepo, Juan Felipe |
| Relator term |
editor. |
| 758 ## - |
| -- |
Is found in: |
| -- |
Knowledge Unlatched |
| -- |
https://openresearchlibrary.org/module/2774bc74-146a-484f-a7ba-ab1d6a09bbfb |
| 856 40 - ELECTRONIC LOCATION AND ACCESS |
| Uniform Resource Identifier |
<a href="https://openresearchlibrary.org/content/734e7a64-1c5c-4582-9678-1d3eb03b795a">https://openresearchlibrary.org/content/734e7a64-1c5c-4582-9678-1d3eb03b795a</a> |
| Public note |
View this content on Open Research Library. |
| -- |
0 |